000 01324nam a22003977a 4500
001 0014897
003 KOHA_MİRAKIL
005 20260207002011.0
007 ta
008 100309b1985 tu |||gr||||#||||0|tur |
020 _c0,01
040 _aTR-BiSEU
_btur
_cTR-BiSEU
_erda
041 0 _atur
044 _ctu
050 _aHF5549
_b.Y35 1985
100 1 _aYalçın, Selçuk.
245 1 _aPersonel yönetimi/
_cSelçuk Yalçın ; Selçuk Yalçın.
264 1 _aİstanbul :
_bİstanbul Üniversitesi
_c1985
300 _a269 sayfa; 24 cm.
336 _ametin
_btxt
_2rdacontent
337 _aaracısız
_bn
_2rdamedia
338 _acilt
_bnc
_2rdacarrier
490 1 _aİstanbul Üniversitesi yayın ;
_vno.
490 1 _a3354 İşletme Fakültesi Yayın ;
_vno.175 İşletme İktisadi Enstitüsü yayın ;
_vno.
490 1 _a80 30.
490 1 _ayıl yayınları ;
_vno.16.
500 _aKaynakça var.
650 0 _aPersonnel Management.
_95760
650 0 _aSuccess--Business.
_934654
650 0 _aPersonel yönetimi.
_91680
830 1 _aİstanbul Üniversitesi yayın ;
_vno.
_912392
830 1 _a3354 İşletme Fakültesi Yayın ;
_vno.175 İşletme İktisadi Enstitüsü yayın ;
_vno.
_934676
830 1 _a80 30.
_934677
830 1 _ayıl yayınları ;
_vno.16.
_934678
942 _2lcc
_cBK
999 _c14860
_d14860